| 000 | 01154nas a2200349 4500 | ||
|---|---|---|---|
| 001 | BR8602893 | ||
| 003 | BR-BrBNA | ||
| 005 | 20231205090516.0 | ||
| 007 | ta | ||
| 008 | 230509b bl.|||p| |||| 00| 00por d | ||
| 040 |
_aBR-BrBNA _bpor _cBiblioteca Nacional de Agricultura |
||
| 041 | _a(Pt) | ||
| 072 | _aF04; P34; F62 | ||
| 100 | 1 | _aOliveira, F.T.T. de | |
| 100 | 1 | _aSaraiva, O.F. | |
| 100 | 1 | _aCarvalho, M.M. de | |
| 100 | 1 | _aVerneque, R. da S. | |
| 245 | 1 | _aEfeito da calagem, potassio, enxofre e micronutrientes sobre o crescimento de Centrosema pubescens em solo acido | |
| 246 | 1 | _aEffect of lime, potassium, sulfur and micronutrients on the growth of Centrosema pubescens in acid soil | |
| 650 | _aCENTROSEMA | ||
| 650 | _aCALAGEM | ||
| 650 | _aPOTASSIO | ||
| 650 | _aENXOFRE | ||
| 650 | _aMICROELEMENTO | ||
| 650 | _aCRESCIMENTO | ||
| 650 | _aNODULACAO | ||
| 650 | _aFIXACAO DE NITROGENIO | ||
| 650 | _aLATOSSOLO VERMELHO AMARELO | ||
| 773 | 0 |
_tPesquisa Agropecuaria Brasileira (Brazil) _xISSN 0100-204X _g(Jul 1985), v. 20(7) p. 755-759 _wBR8602893 |
|
| 909 |
_a202311 _bLúcia _c55 _dLúcia Elande |
||
| 942 |
_2AGRIS _n0 _cANA |
||
| 999 |
_c118926 _d118926 |
||